Football: Vainqueurs des Coupes Européennes par Pays - Statistiques

Statistiques générales
  • Ce quiz a été pris 9 939 fois
    2 789 depuis la dernière actualisation
  • Le résultat moyen est 37 sur 61
Statistiques - réponses
Réponse % Correct
Bayern Munich
99%
Borussia Dortmund
96%
Manchester City
90%
Manchester United
90%
Olympique de Marseille
90%
Chelsea
89%
Paris SG
89%
Real Madrid
88%
FC Barcelone
87%
Liverpool
87%
AC Milan
85%
Inter Milan
85%
Juventus Turin
83%
Ajax Amsterdam
81%
Séville FC
81%
Atlético Madrid
80%
Benfica Lisbonne
80%
FC Porto
80%
AS Rome
79%
Arsenal
78%
Celtic Glasgow
75%
Sporting Portugal
72%
Glasgow Rangers
71%
Nottingham Forest
71%
PSV Eindhoven
71%
Lazio Rome
70%
Aston Villa
69%
Valence CF
66%
Bayer Leverkusen
65%
Feyenoord Rotterdam
64%
Galatasaray
63%
Naples
62%
Tottenham
61%
Anderlecht
60%
CSKA Moscou
59%
Atalanta Bergame
58%
Dynamo Kiev
57%
Hambourg SV
57%
Olympiakos
57%
Steaua Bucarest
56%
Villarreal CF
56%
Etoile Rouge Belgrade
53%
Fiorentina
52%
West Ham United
52%
Zénith Saint-Pétersbourg
52%
Eintracht Francfort
47%
Parme
43%
Werder Brême
41%
Schalke 04
40%
Everton
36%
Aberdeen FC
28%
Chakhtar Donetsk
28%
Borussia Mönchengladbach
26%
Sampdoria Gênes
25%
Dinamo Tbilissi
22%
Slovan Bratislava
22%
IFK Göteborg
19%
Ipswich Town
12%
Real Saragosse
12%
FC Malines
11%
FC Magdebourg
7%
Aucun quiz correspondant
Distribution des résultats
% des personnes avec chaque résultat
Percentile par nombre de réponses
Votre historique - résultats
Vous n’avez pas pris ce quiz depuis la dernière actualisation